[Event "FRA-ch U16 Girls"]
[Site "Gonfreville"]
[Date "2016.??.??"]
[Round "1"]
[White "Rollot, Florence"]
[Black "Devaux, Juliette"]
[Result "1-0"]
[WhiteElo "1903"]
[BlackElo "1429"]
[PlyCount "69"]
[EventDate "2016.04.22"]
[EventType "swiss"]
[EventRounds "9"]
[EventCountry "FRA"]
[SourceTitle "EXT 2019"]
[Source "ChessBase"]
[SourceDate "2018.10.10"]
[SourceVersion "1"]
[SourceVersionDate "2018.10.10"]
[SourceQuality "1"]

1. Nf3 d5 2. c4 c6 3. b3 Bg4 4. g3 e6 5. Bb2 Nf6 6. Bg2 Bd6 7. d3 Bb4+ 8. Nbd2 0-0 9. a3 Bd6 10. 0-0 Nbd7 11. h3 Bh5 12. Re1 Qc7 13. Nf1 Rad8 14. Ne3 e5 15. Rc1 Qb8 16. cxd5 cxd5 17. Nd2 Nb6 18. b4 Bg6 19. Qb3 d4 20. Nec4 Nxc4 21. Rxc4 Bf5 22. Rcc1 Be6 23. Qa4 Bd7 24. Qd1 Bf5 25. Kh2 Rfe8 26. Nc4 Bc7 27. Qc2 Rd7 28. a4 a6 29. b5 axb5 30. axb5 b6 31. Bc6 Qd8 32. Ra1 Qe7 33. Ra6 Rb8 34. Bxd7 Qxd7 35. Ra7 1-0

[Event "FRA-ch U14 Girls"]
[Site "Pau"]
[Date "2015.04.27"]
[Round "2"]
[White "Devaux, Juliette"]
[Black "Rollot, Florence"]
[Result "0-1"]
[WhiteElo "1418"]
[BlackElo "1731"]
[PlyCount "68"]
[EventDate "2015.04.26"]
[EventType "swiss"]
[EventRounds "9"]
[EventCountry "FRA"]
[SourceTitle "CBM 166 Extra"]
[Source "ChessBase"]
[SourceDate "2015.06.18"]
[SourceVersion "1"]
[SourceVersionDate "2015.06.18"]
[SourceQuality "1"]

1. e4 d5 2. exd5 Qxd5 3. Nf3 Bg4 4. Be2 Nf6 5. d4 e6 6. c4 Qa5+ 7. Bd2 Bb4 8. a3 Bxd2+ 9. Qxd2 Qxd2+ 10. Nbxd2 Nc6 11. 0-0-0 0-0-0 12. Nb3 Rd7 13. h3 Bf5 14. Ne5 Nxe5 15. dxe5 Ne4 16. Rxd7 Kxd7 17. g4 Bg6 18. f3 Ng3 19. Rd1+ Ke7 20. Bd3 Bxd3 21. Rxd3 Ne2+ 22. Kc2 Nf4 23. Rd4 Nxh3 24. Na5 Ng5 25. Rd3 Rb8 26. c5 Rd8 27. c6 b6 28. Rxd8 Kxd8 29. Nb7+ Ke7 30. f4 Nh3 31. f5 Nf2 32. fxe6 Kxe6 33. Nd8+ Ke7 34. Nb7 Nxg4 0-1

[Event "FRA-ch U12 Girls"]
[Site "Saint Paul Trois Chateaux"]
[Date "2013.04.29"]
[Round "2"]
[White "Grall, Alba"]
[Black "Devaux, Juliette"]
[Result "0-1"]
[WhiteElo "1360"]
[BlackElo "1500"]
[PlyCount "104"]
[EventDate "2013.04.28"]
[EventType "swiss"]
[EventRounds "9"]
[EventCountry "FRA"]
[SourceTitle "CBM 154 Extra"]
[Source "ChessBase"]
[SourceDate "2013.06.25"]
[SourceVersion "2"]
[SourceVersionDate "2013.06.25"]
[SourceQuality "1"]

1. e4 e6 2. d4 d5 3. e5 c5 4. c3 Nc6 5. Nf3 Qb6 6. Na3 Nh6 7. Nc2 Nf5 8. b3 a5 9. Be3 Be7 10. Bd3 Bd7 11. Bxf5 exf5 12. 0-0 0-0 13. dxc5 Bxc5 14. Bxc5 Qxc5 15. c4 Be6 16. Qd2 dxc4 17. Qc3 b6 18. bxc4 Qxc4 19. Qxc4 Bxc4 20. Rfc1 Bd5 21. Ncd4 Nxd4 22. Nxd4 Rfe8 23. f4 Be4 24. Nb5 Rad8 25. Nd6 Rf8 26. Rc7 f6 27. Rd1 fxe5 28. fxe5 Rfe8 29. Rxg7+ Kxg7 30. Nxe8+ Rxe8 31. Rd7+ Kg8 32. Rd6 b5 33. e6 Bb1 34. e7 Bxa2 35. Rd8 Kf7 36. Rd2 Bc4 37. Rf2 Kf6 38. g4 Rxe7 39. Rxf5+ Kg6 40. h4 Re1+ 41. Kh2 Re2+ 42. Kg1 Be6 43. h5+ Kg7 44. Rf4 b4 45. g5 b3 46. Rf6 b2 47. h6+ Kg8 48. Rf1 Bf5 49. Rxf5 b1Q+ 50. Rf1 Qb6+ 51. Kh1 Qc6+ 52. Rf3 Qxf3+ 0-1